হতাশ হবেন না / (Record no. 12285)
[ view plain ]
| 000 -LEADER | |
|---|---|
| fixed length control field | 00853nam a2200229 a 4500 |
| 001 - CONTROL NUMBER | |
| JCCL Control Number | 12285 |
| 003 - CONTROL NUMBER IDENTIFIER | |
| JCCL marc code | BD-JhCC |
| 005 - DATE AND TIME OF LATEST TRANSACTION | |
| control field | 20220608134021.0 |
| 008 - FIXED-LENGTH DATA ELEMENTS--GENERAL INFORMATION | |
| fixed length control field | 210922b2016 bg a|||| ||a| 000 0 ben d |
| 035 ## - SYSTEM CONTROL NUMBER | |
| system control number | (BD-JhCC)12285 |
| 040 ## - CATALOGING SOURCE | |
| Original cataloging agency | BD-JhCC |
| Modifying agency | BD-JhCC |
| 041 ## - LANGUAGE CODE | |
| Language code of Book | Bengali |
| 082 ## - DEWEY DECIMAL CLASSIFICATION NUMBER | |
| Classification number | 297.57082 |
| Author mark and Year | KOR 2016 |
| 100 ## - MAIN ENTRY--PERSONAL NAME | |
| Personal name | করনী,ড.আয়েয আল |
| 245 ## - TITLE STATEMENT | |
| Title | হতাশ হবেন না / |
| Statement of responsibility, etc | ড.আয়েয আল করনী, অনু:মুফতী মুহাম্মদ মামুনর রশীদ। |
| 260 ## - PUBLICATION, DISTRIBUTION, ETC. (IMPRINT) | |
| Place of publication, distribution, etc | ঢাকা: |
| Name of publisher, distributor, etc | হুদহুদ প্রকাশন; |
| Date of publication, distribution, etc | ২০১৬. |
| 300 ## - PHYSICAL DESCRIPTION | |
| Pagination | 608 p. : |
| Other physical details | ill; |
| Dimensions | 22 cm. |
| 650 ## - SUBJECT ADDED ENTRY--TOPICAL TERM | |
| Topical term or geographic name as entry element | Sadness--Religious aspects- Islam |
| 700 ## - ADDED ENTRY--PERSONAL NAME | |
| Personal name | রশীদ,মুফতী মুহাম্মদ মামুনুর |
| 942 ## - ADDED ENTRY ELEMENTS (KOHA) | |
| Source of classification or shelving scheme | Dewey Decimal Classification |
| Koha item type | Books |
| Koha issues (borrowed), all copies | 3 |
| Source of classification or shelving scheme | Damaged status | Not for loan | Home library | Current library | Shelving location | Date of accession | Cost, normal purchase price | Total Checkouts | Full call number | Barcode | Checked out | Date last seen | Date checked out | Copy number | Koha item type |
|---|---|---|---|---|---|---|---|---|---|---|---|---|---|---|---|
| Dewey Decimal Classification | JCC Rouf Library | JCC Rouf Library | General Stacks | 05/09/2023 | 330.00 | 3 | 297.57082 KOR 2016 | 16955 | 12/07/2025 | 11/12/2025 | 11/12/2025 | C-1 | Books | ||
| Dewey Decimal Classification | JCC Rouf Library | JCC Rouf Library | General Stacks | 10/12/2023 | 360.00 | 6 | 297.57082 KOR 2016 | 17013 | 03/03/2026 | 02/05/2026 | 02/05/2026 | C-2 | Books |